000
002340000a22000970004500
100
1
_a
Seitz, Christopher R.
245
1
0
_a
Old Testament apocalyptic
300
_a
Vol. 17, Núm 3 (1999), Páginas 74-76
773
0
_t
Evangel
942
_c
ANA
999
_c
54436
_d
54436